| 000 | 00462nam a22001577a 4500 | ||
|---|---|---|---|
| 005 | 20251121120218.0 | ||
| 008 | 251121b |||||||| |||| 00| 0 eng d | ||
| 020 | _a9788122404111 | ||
| 050 | _aTH438.4 GAH | ||
| 100 | _aGahlot, P. S. | ||
| 245 |
_aConstruction Planning and Management _cP. S. Gahlot & B. M. Dhir |
||
| 260 |
_aNew Delhi _bNew Age International Limited _c2005 |
||
| 300 |
_avii. 163p. _bill. _c24.5cm |
||
| 700 | _aDhir, B. M. | ||
| 942 |
_2lcc _cBK _n0 |
||
| 999 |
_c8295 _d8295 |
||